Physical-distribution systems
Salvato in:
| Autore principale: | |
|---|---|
| Natura: | Libro |
| Lingua: | inglese |
| Pubblicazione: |
New York
McGraw-Hill
1967
|
| Soggetti: | |
| Tags: |
Nessun Tag, puoi essere il primo ad aggiungerne!!
|
MARC
| LEADER | 00000nam a2200000 4500 | ||
|---|---|---|---|
| 001 | c124672 | ||
| 005 | 20221123135647.6 | ||
| 041 | 0 | |a eng | |
| 044 | |a US | ||
| 245 | 1 | 0 | |a Physical-distribution systems |c John F. Magee |
| 264 | 1 | |a New York |b McGraw-Hill |c 1967 | |
| 300 | |a 189 s. | ||
| 610 | 2 | 0 | |a logistika |
| 610 | 2 | 0 | |a distribúcia |
| 610 | 2 | 0 | |a marketing |
| 610 | 2 | 0 | |a plánovanie strategické |
| 610 | 2 | 0 | |a riadenie |
| 610 | 2 | 0 | |a manažment |
| 610 | 2 | 0 | |a organizácia práce |
| 100 | 1 | |a Magee, John F. | |